000 00320nam a2200133Ia 4500
008 220803s9999 xx 000 0 und d
020 _a0-471-48637-X
041 _aeng
082 _a720.472 URS
100 _aURsula E
_918667
245 _aSolar Technologies For Building
260 _bJohn Wiley
_c2003
300 _a323p
999 _c12895
_d12895